Loading...
| Philosophy | 0 | 6 | 1 | 4 | 55 | 70 | 111.67 | 1 | 2 |
| History - European History | 0 | 3 | 0 | 0 | 30 | 92 | 114.33 | 0 | 0 |
| Fine Arts - Classical Music | 0 | 1 | 0 | 0 | 10 | 134 | 134.00 | 0 | 1 |
| History - World History | 0 | 1 | 0 | 1 | 10 | 115 | 115.00 | 0 | 0 |
| Science - Chemistry | 0 | 1 | 0 | 0 | 10 | 95 | 95.00 | 0 | 0 |
| Science - Other Science | 0 | 1 | 0 | 0 | 10 | 79 | 79.00 | 0 | 0 |
| Literature - World Literature | 0 | 1 | 1 | 0 | 5 | 51 | 51.00 | 1 | 1 |
| History - Other History | 0 | 1 | 1 | 0 | 5 | 131 | 131.00 | 0 | 1 |
| Science - Biology | 0 | 0 | 0 | 0 | 0 | 0.00 | 0 | 0 | |
| Literature - British Literature | 0 | 0 | 0 | 0 | 0 | 0.00 | 0 | 0 | |
| Fine Arts - Painting and Sculpture | 0 | 0 | 1 | 0 | -5 | 0.00 | 0 | 0 |